100 Soruda serbest bölge rejimi, uygulaması, vergisel teşvik ve avantajları / (Record no. 200421318)
[ view plain ]
| 000 -LEADER | |
|---|---|
| fixed length control field | 00920 a2200289 4500 |
| 001 - CONTROL NUMBER | |
| control field | 200421318 |
| 003 - CONTROL NUMBER IDENTIFIER | |
| control field | TR-AnTOB |
| 005 - DATE AND TIME OF LATEST TRANSACTION | |
| control field | 20251229142344.0 |
| 008 - FIXED-LENGTH DATA ELEMENTS--GENERAL INFORMATION | |
| fixed length control field | 150212s tu 000 0 |
| 040 ## - CATALOGING SOURCE | |
| Original cataloging agency | TR-AnTOB |
| Language of cataloging | tur |
| Description conventions | rda |
| 041 0# - LANGUAGE CODE | |
| Language code of text/sound track or separate title | Türkçe |
| 050 00 - LIBRARY OF CONGRESS CALL NUMBER | |
| Classification number | HF1418 |
| Item number | .D67 2002 |
| 090 ## - LOCALLY ASSIGNED LC-TYPE CALL NUMBER (OCLC); LOCAL CALL NUMBER (RLIN) | |
| Classification number (OCLC) (R) ; Classification number, CALL (RLIN) (NR) | HF1418 .D67 2002 |
| 100 1# - MAIN ENTRY--PERSONAL NAME | |
| Personal name | Dorukkaya, Şakir |
| 9 (RLIN) | 65134 |
| 245 10 - TITLE STATEMENT | |
| Title | 100 Soruda serbest bölge rejimi, uygulaması, vergisel teşvik ve avantajları / |
| Statement of responsibility, etc. | Şakir Dorukkaya, Hakan Ay. |
| 246 1# - VARYING FORM OF TITLE | |
| Title proper/short title | Yüz soruda serbest bölge rejimi, uygulaması, vergisel teşvik ve avantajları |
| 264 ## - PRODUCTION, PUBLICATION, DISTRIBUTION, MANUFACTURE, AND COPYRIGHT NOTICE | |
| Place of production, publication, distribution, manufacture | Ankara : |
| Name of producer, publisher, distributor, manufacturer | TOBB, |
| Date of production, publication, distribution, manufacture, or copyright notice | [2002]. |
| 300 ## - PHYSICAL DESCRIPTION | |
| Extent | 160 pages ; |
| Dimensions | 27 cm |
| 336 ## - CONTENT TYPE | |
| Content type term | text |
| Source | rdacontent |
| 337 ## - MEDIA TYPE | |
| Media type term | unmediated |
| Source | rdamedia |
| 338 ## - CARRIER TYPE | |
| Carrier type term | volume |
| Source | rdacarrier |
| 650 00 - SUBJECT ADDED ENTRY--TOPICAL TERM | |
| Topical term or geographic name entry element | Free ports and zones |
| Geographic subdivision | Turkey |
| 9 (RLIN) | 104152 |
| Topical term or geographic name entry element | Export processing zones |
| Geographic subdivision | Turkey |
| 9 (RLIN) | 104153 |
| 700 1# - ADDED ENTRY--PERSONAL NAME | |
| Personal name | Ay, Hakan |
| 9 (RLIN) | 65141 |
| 942 ## - ADDED ENTRY ELEMENTS (KOHA) | |
| Koha item type | Book |
| Withdrawn status | Lost status | Source of classification or shelving scheme | Not for loan | Collection code | Home library | Current library | Shelving location | Date acquired | Source of acquisition | Cost, normal purchase price | Serial Enumeration / chronology | Inventory number | Total Checkouts | Total Holds | Full call number | Barcode | Date last seen | Date last checked out | Copy number | Cost, replacement price | Date shelved | Koha item type |
|---|---|---|---|---|---|---|---|---|---|---|---|---|---|---|---|---|---|---|---|---|---|---|
| Ödünç Verilebilir / Available | Genel Koleksiyon | Merkez Kütüphane | Merkez Kütüphane | Genel Koleksiyon / Main Collection | 12/02/2015 | Bağış / Donation | 0.01 | 1 | İKT | 1 | HF1418 .D67 2002 | 0046535 | 05/07/2021 | 25/06/2021 | 1 | 0.01 | Book |
